| 000 | 00400nam a2200145Ia 4500 | ||
|---|---|---|---|
| 005 | 20251222144742.0 | ||
| 008 | 251222s9999||||xx |||||||||||||| ||spa|| | ||
| 020 | _a970-665-277-9 | ||
| 082 | _a657.037/C46 | ||
| 100 | _aCelaya Figueroa, Roberto | ||
| 245 | 0 | _aNuevas TecnologĂas en la Docencia Contable: | |
| 250 | _a2a.ed. | ||
| 264 | _bInstituto Mexicano de Contadores PĂșblicos | ||
| 942 | _cLIB | ||
| 999 |
_c18993 _d18993 |
||